| 000 | 01878nam0a2200361 4500 | ||
|---|---|---|---|
| 001 | RU\NLR\BIBL_A\011313745 | ||
| 005 | 20250626042243.0 | ||
| 010 |
_a978-5-906042-09-5 _91000 |
||
| 021 |
_aRU _b2016-99888 _96648 |
||
| 035 | _a(NLR Aleph) 011313745 | ||
| 090 |
_a11035388 _c11035388 |
||
| 100 | _a20170123d2016 |||y0rusy50 ca | ||
| 101 | 0 | _arus | |
| 102 | _aRU | ||
| 105 | _aa|||z|||000zy | ||
| 200 | 1 |
_aПозвоночно-спинномозговая травма у детей _e[монография] _fБаиндурашвили А.Г., Виссарионов С.В., Александрович Ю.С., Пшениснов К.В. _gДет. ортопед. ин-т им. Г.И. Турнера |
|
| 210 |
_aСанкт-Петербург _cОнли-Пресс _d2016 |
||
| 215 |
_a87 с. _cил., цв. ил. _d22 |
||
| 300 | _aНа 87-й с. авт.: д.м.н., проф., акад. Баиндурашвили А.Г., д.м.н., проф. Виссарионов С.В., д.м.н., проф. Александрович Ю.С., к.м.н., доц. Пшениснов К.В. | ||
| 320 | _aБиблиогр.: с. 89-86 (136 назв.) | ||
| 606 | 1 |
_aСпинной мозг детей _xТравмы _92304228 _3RU\NLR\AUTH\661379378 |
|
| 606 | 1 |
_aПозвоночник детей _xТравмы _92304224 _3RU\NLR\AUTH\661379376 |
|
| 686 | 1 | _aР733.638.75 | |
| 686 | 1 | _aР733.458.195.5 | |
| 701 | 1 |
_aБаиндурашвили _bА. Г. _gАлексей Георгиевич |
|
| 701 | 1 |
_aВиссарионов _bС. В. _gСергей Валентинович |
|
| 701 | 1 |
_aАлександрович _bЮ. С. _gЮрий Станиславович |
|
| 701 | 1 |
_aПшениснов _bК. В. _gКонстантин Викторович |
|
| 942 | _cBOOK | ||
| 980 | _aNBR | ||
| 980 | _aNB | ||